000 00318nam a2200133Ia 4500
005 20251222144900.0
008 251222s9999||||xx |||||||||||||| ||spa||
020 _a968-5699-13-5
082 _a425.04/D31
100 _aDavies, Paul
245 4 _aThe Language in English Teaching
264 _bRichmond
942 _cLIB
999 _c21932
_d21932